000 00484nam a22001817a 4500
999 _c478374
_d478374
003 NUST
005 20180525044937.0
008 180525b ||||| |||| 00| 0 eng d
020 _a9789332519008
038 _aSNS Library
082 _a530.12
100 _aJ.J. Sakurai, JimJ. Napolitano
_910513
245 _aModern Quantum Mechanics
_cJ.J. Sakurai, JimJ. Napolitano
250 _a2nd. ed.
260 _aIndia
_bPearson
_c2014
300 _a520 p.
_bPb.
942 _2ddc
_cBK